00663nam a2200241 a 4500001001300000003000900013005001700022008004100039020001000080082001300090100002000103245002600123260004200149300000900191500003500200505001000235650001300245700002000258902000800278942000700286952011300293999001500406nice12345678IN_TiNIC20260116012221.0050524s1951 oxfa grp 000 0 eng  ac10000a230bQUI aQuick, Oliver C aDoctines of the Creed aOxfordbOxford University Pressc1951 a353p aincludes index and biblioraphy2 aIndex aTheology1 aQuick, Oliver C bRBA cBK 001040708RareBook->aHMIbHMId2007-08-01g100.00l0o230 QUIp08742r2007-08-01v100.00w2005-05-24yBK c6122d6122